[Event "FIDE Chess.com Grand Swiss"]
[Site "Douglas"]
[Date "2019.10.10"]
[Round "1"]
[White "Vidit, Santosh Gujrathi"]
[Black "Sethuraman, SP."]
[Result "1-0"]
[WhiteElo "2718"]
[BlackElo "2624"]
[Annotator "Vidit,S"]
[PlyCount "121"]
[EventDate "2019.10.10"]
[EventType "swiss"]
[EventRounds "11"]
[EventCountry "IOM"]
[SourceTitle "CBM 193"]
[Source "ChessBase"]
[SourceDate "2019.12.31"]
[SourceVersion "1"]
[SourceVersionDate "2019.12.31"]
[SourceQuality "1"]

{[%evp 0,121,19,31,19,0,4,-10,0,6,38,42,47,27,15,29,19,14,13,13,16,11,8,14,8,
-2,6,8,31,27,8,21,21,29,28,19,18,7,5,10,21,14,10,-66,-32,-29,9,-9,31,33,10,11,
76,86,79,92,67,49,65,64,62,55,69,73,65,59,77,70,77,77,81,84,84,88,103,88,75,79,
83,92,85,85,85,92,111,111,114,114,113,113,108,115,119,108,126,133,137,129,147,
161,156,158,158,165,158,155,150,168,316,330,413,399,418,426,475,482,552,764,
1056,1092,1131,1156,1192,1186]} 1. d4 d5 2. c4 e6 3. Nf3 Nf6 4. Nc3 c6 5. e3
Nbd7 6. Qc2 Bd6 7. Be2 O-O 8. b3 b6 9. O-O Bb7 10. Bb2 Qe7 11. Rad1 Rad8 12.
Rfe1 Rfe8 13. h3 {An over the board improvisation. I wanted to play Bf1, but
at the same time wanted to avoid Black's ideas with e5.} (13. Bf1 {, with
ideas to play e4 or improve the bishop with g3- Bg2, is the most common move.
But in this particular position Black has the idea to react immediately in the
centre:} e5 $1 14. cxd5 (14. dxe5 Nxe5 15. Nd4 dxc4 16. bxc4 Bb8 (16... Bb4 17.
h3) 17. f4 Ng6 18. g3 $16) 14... e4 $1 {The point.} 15. dxc6 exf3 16. cxb7
Bxh2+ $1 17. Kxh2 Qd6+ 18. Kh3 Re5 $3 19. dxe5 Qe6+ 20. Kh2 Qxe5+ 21. Kg1 Ng4 {
with a mating attack.}) (13. e4 dxe4 14. Nxe4 Nxe4 15. Qxe4 Bb4 16. Rf1 Bd6 {
has led to many move repetitions.}) 13... a6 {This creates a weakness on the
queenside. It's probably better to be less committal.} (13... h6 14. Bf1 c5
$132) 14. e4 dxe4 15. Nxe4 Nxe4 16. Qxe4 Bb4 17. Rf1 Ba3 $6 (17... Bd6 {
I judged that the inclusion of h3-a6 should be in White's favor. However,
Black should have played this as he is still quite solid.} 18. Ne5 (18. Bd3 Nf8
) 18... f5 19. Qf4 Nxe5 20. dxe5 Bc5 21. Bf3 $14) 18. Bd3 $5 {I played this
after a long thought. I wanted to find a way to punish Black's innaccuracy.
Objectively it's not the most precise way.} (18. Bxa3 Qxa3 19. Ne5 (19. Rfe1 {
Computer's top choice! The idea is to overprotect e2.} Qxa2 20. b4 {followed
by c5. White would have enough compensation for the pawn.} (20. Qf4 $1 Qxb3 21.
Qc7 Ba8 22. Ng5 {and the engine gives White as better. It was quite tough to
judge this during the game.})) 19... Qxa2) (18. Ba1 Nf8 $132 {followed by c5.})
18... Nf6 19. Bxa3 Qxa3 20. Qf4 c5 21. d5 {The point.} exd5 22. Qc7 Bc8 $6 {
Logical, but not the most accurate.} (22... Rd7 23. Qxb6 Re6 24. Qa7 {with
ideas like Bf5 and Rfe1, I thought White is doing well. But, Black has
sufficient resources:} d4 $1 25. Rfe1 Be4 $1 26. Qb8+ Re8 27. Qf4 Rde7 $1 {
and Black consolidates.}) 23. Qxb6 Be6 $6 (23... Qxa2 {During the game I felt
that taking the pawn is most accurate.} 24. cxd5 Rxd5 (24... Nxd5 25. Qxc5 Qxb3
26. Bc4 $18) 25. Ra1 {I missed this intermezzo.} (25. Bc4 Rxd1 26. Rxd1 Qc2 $1
{with enough counterplay.}) 25... Qb2 26. Bc4 Rdd8 27. Ng5 $16) (23... h6 $1 {
Not an easy move to make. It creates a safe haven for the king and at the same
time stops Ng5 ideas.}) 24. cxd5 Bxd5 25. Qxa6 Qxa6 (25... Ra8 26. Qxa3 Rxa3
27. Bb1 c4 28. Nd4 {Compared to the game, Black has more activity.}) 26. Bxa6
Ra8 27. Bb5 Reb8 28. Ba4 {After the game, Sethu confessed that he had
apparently missed this idea. Now White remains a pawn up. However, converting
the extra pawn is still a task.} c4 29. Nd4 cxb3 30. axb3 Rb6 31. Rfe1 g6 32.
Rc1 Rd8 $6 {Allows a favorable exchange of minor pieces.} (32... Rab8 $142) 33.
Nc6 $1 Bxc6 34. Rxc6 Rdb8 35. Rxb6 Rxb6 36. Re5 {If I could get my bishop to
c4, White would be strategically winning.} Rb4 37. g3 $2 {This allows
unnecessary counterplay. Wiser was to play the uglier looking f which
restricts the knight on f6.} (37. f3 {looks ugly, but Black cannot take
advantage of the weaknesses on the dark squares.} Rd4 38. Bb5) 37... Ne4 $1 38.
Rb5 Rd4 39. Rb8+ Kg7 40. Bc6 {I calculated this far. White of course has good
winning chances, but Black has some counterplay.} Nc5 $1 41. Rb5 (41. b4 $2 Na6
$1 $11) 41... Nd3 $4 {A complete shocker. Once White exchanges rooks, the
extra pawn should be easy enough to convert. For good or worse, Black had to
keep the rooks and create some threats around the White king.} (41... Rd1+ $1
42. Kg2 Nd3 43. Be4 f5 $1 {The key move, forcing White to trade the bishop for
the knight.} 44. Bxd3 Rxd3 45. h4 Kf6 46. b4 Rb3 {I am not sure about the
assesment of this endgame. But definitely, Black has good drawing chances,
compared to the game.}) 42. Rd5 Rxd5 43. Bxd5 f5 44. Kf1 Nb4 45. Bc4 (45. Bb7
Nc2 {and it's not easy to bring in the king because of the fork on d4.}) 45...
Kf6 46. Ke2 g5 47. Kd2 Ke5 48. Bg8 $1 {Emptying the c4 square for the king,
with a tempo.} (48. Kc3 Na2+ $1 49. Kb2 Nb4) 48... h5 49. Kc3 Nc6 50. Bf7 $1 {
Precise. It was still possible to blunder away the win.} ({For example,} 50. b4
$2 Nxb4 $3 51. Kxb4 Ke4 52. Bf7 Kf3 53. Bxh5+ Kxf2 54. g4 f4 $11) 50... h4 51.
gxh4 gxh4 52. b4 Nd4 (52... Nxb4 53. Kxb4 Ke4 54. Bh5 {stops the king from
infiltrating.}) 53. Kc4 Ne2 (53... Nf3 {would require White to be more
accurate:} 54. Bd5 Ng5 55. f4+ $1 Kxf4 56. b5 Ke5 57. Kc5 $18 {The b-pawn is
unstoppable.} Nh7 58. b6) 54. Kc5 $18 {The rest is easy.} Nf4 55. b5 Nd3+ 56.
Kc6 Nb4+ 57. Kd7 Kd4 58. Kd6 Ke4 59. b6 Kd4 60. b7 Na6 61. Bh5 1-0

[Event "EU-chT (Men) 15th"]
[Site "Gothenburg"]
[Date "2005.08.05"]
[Round "7.1"]
[White "Damljanovic, Branko"]
[Black "Georgiev, Vladimir"]
[Result "1-0"]
[WhiteElo "2612"]
[BlackElo "2532"]
[Annotator "Wells,P"]
[PlyCount "65"]
[EventDate "2005.07.30"]
[EventType "team-swiss"]
[EventRounds "9"]
[EventCountry "SWE"]
[SourceTitle "CBM 109"]
[Source "ChessBase"]
[SourceDate "2005.11.14"]
[SourceVersion "1"]
[SourceVersionDate "2005.11.14"]
[SourceQuality "1"]
[WhiteTeam "Serbia & Montenegro"]
[BlackTeam "Macedonia"]
[WhiteTeamCountry "YUG"]
[BlackTeamCountry "MKD"]

1. d4 d5 2. c4 c6 3. Nf3 Nf6 4. Nc3 e6 5. e3 a6 6. c5 Nbd7 7. b4 g6 8. Bd3 Bg7
9. O-O O-O 10. Na4 Ne4 11. Bb2 Qc7 12. Ne5 $1 {[%mdl 512] An elegant pawn
sacrifice. After the previous couple of examples we are accustomed to the
attempt to initiate exchanges reducing to a 'dream scenario'. However, this is
pleasingly forcing and shows good judgement.} Nxe5 13. dxe5 Bxe5 14. Bxe5 Qxe5
15. f4 Qc7 (15... Qf5 16. Nb6 Ra7 17. g4 Qf6 18. Bxe4 dxe4 19. Qd6 a5 20. g5
Qd8 21. Rfd1 $16) 16. Nb6 Ra7 $2 (16... Rb8 17. Bxe4 dxe4 18. Qd4 $16) 17. Bxe4
dxe4 18. Qd6 $1 Qxd6 19. cxd6 $18 {[%csl Rc8]} Rd8 20. d7 Bxd7 21. Rfd1 a5 22.
Nxd7 Kg7 23. Ne5 Rd5 24. a3 axb4 25. axb4 Ra4 26. Rdb1 Rxa1 27. Rxa1 Rb5 28.
Rd1 g5 29. Rd7 gxf4 30. exf4 e3 31. Kf1 Rxb4 32. Rxf7+ Kg8 33. Ke2 1-0

[Event "Copenhagen CU 75th"]
[Site "Copenhagen"]
[Date "2002.02.16"]
[Round "8"]
[White "Ward, Christopher"]
[Black "Gausel, Einar"]
[Result "1/2-1/2"]
[WhiteElo "2486"]
[BlackElo "2520"]
[Annotator "Wells,P"]
[PlyCount "116"]
[EventDate "2002.02.09"]
[EventType "tourn"]
[EventRounds "9"]
[EventCountry "DEN"]
[EventCategory "9"]
[SourceTitle "CBM 088"]
[Source "ChessBase"]
[SourceDate "2002.03.21"]
[SourceVersion "1"]
[SourceVersionDate "2002.03.21"]
[SourceQuality "1"]

1. d4 d5 2. c4 e6 3. Nc3 c6 4. e3 Nf6 5. Nf3 Nbd7 6. Qc2 Bd6 7. g4 $5 {[%csl
Rf4][%cal Ye3e4,Gd5c4,Gb7h1] Shabalov's move. It aims to dislodge black's
knight on f6, or encourage the weakening ...h6. The f4 square, the b7-h1
diagonal can both be issues, and the move 7...Bb4 can try to make an virtue of
the f6 knight moving, but there is perhaps enough 'static' in black's set-up
for white's risky thrust to have retained its vitality. It is no longer
popular as such, but it has retained a following even at the top level, where
Gelfand has been quite loyal.} dxc4 $5 (7... Nxg4 $5 8. Rg1 f5 $5 (8... Nxh2 9.
Nxh2 Bxh2 10. Rxg7 Nf8 11. e4 {is again slightly positionally ugly for white,
but seems to work dynamically.}) 9. h3 Ngf6 10. Rxg7 Ne4 $13) (7... h6 8. Rg1 (
8. h3 $5)) 8. Bxc4 b6 {[%cal Gb7g2]} 9. e4 {[%csl Rf4][%cal Ge4e5]} e5 10. g5
Nh5 11. Be3 O-O 12. O-O-O Qc7 13. Be2 {[%csl Rf4,Rg8]} exd4 14. Nxd4 Nf4 15.
Kb1 Be5 16. h4 Nc5 17. h5 Nce6 18. g6 Nxd4 19. Bxd4 Be6 20. gxh7+ Kxh7 21. Bf3
Rad8 22. Be3 Rxd1+ 23. Rxd1 Rd8 24. Ne2 Rxd1+ 25. Qxd1 c5 26. Qd2 Nxe2 27. Bxe2
Qd6 28. Qxd6 Bxd6 29. b3 Bd7 30. a4 Kg8 31. Kc2 f6 32. Bc4+ Kf8 33. h6 gxh6 34.
Bxh6+ Ke7 35. Kd3 Be5 36. Be3 Bd6 37. Bd2 Bc6 38. f4 Bd7 39. Ke3 Bc6 40. Be1
Kf8 41. Bg3 Bb7 42. e5 fxe5 43. fxe5 Be7 44. Kf4 Ke8 45. Kf5 Bg2 46. Bb5+ Kd8
47. Ke6 Bf3 48. Bc4 Ke8 49. Bb5+ Kd8 50. Bc4 Ke8 51. Kf5 Bd1 52. e6 Bc2+ 53.
Ke5 Bd1 54. Ke4 Kd8 55. Kd5 Bf3+ 56. Ke5 Bd1 57. Kd5 Bf3+ 58. Ke5 Bd1 1/2-1/2

[Event "Viking op"]
[Site "Aaland/Stockholm"]
[Date "1997.08.29"]
[Round "7"]
[White "Gurevich, Mikhail"]
[Black "Sveshnikov, Evgeny"]
[Result "1-0"]
[WhiteElo "2620"]
[BlackElo "2570"]
[Annotator "Winants,L"]
[PlyCount "93"]
[EventDate "1997.08.??"]
[EventType "swiss"]
[EventRounds "9"]
[EventCountry "SWE"]
[SourceTitle "CBM 061"]
[Source "ChessBase"]
[SourceDate "1997.11.23"]
[SourceVersion "1"]
[SourceVersionDate "1997.11.23"]
[SourceQuality "1"]

1. d4 d5 2. c4 e6 3. Nc3 Nf6 4. Nf3 c6 5. e3 Nbd7 6. Qc2 {Un système
tranquille qui permet aux Blancs d'éviter la variante de Meran où les Noirs
parviennent а mobiliser le Bc8 en fianchetto,} ({après} 6. Bd3 dxc4 7. Bxc4 b5
{etc.}) 6... Bd6 7. Be2 O-O 8. O-O Re8 9. Rd1 Qe7 {[#] Cette position s'est
déjà présentée а de nombreuses reprises et l'on sait aujourd'hui que son
évaluation dépend essentiellement de deux postulats. 1) Les Noirs ne pourront
prétendre а l'égalité, aussi longtemps que le Fc8 sera enfermé. 2) la
disposition des fantassins en c4 et c6 offre aux Blancs un avantage au centre
de l'échiquier, mais pour accroître celui-ci, ils devront effectuer le coup
й3-й4 dans de bonnes conditions.} (9... Qe7 {Ainsi,} 10. e4 {joué
immédiatement, ne mènerait а rien:} dxe4 11. Nxe4 Nxe4 12. Qxe4 e5 $1 {et les
Noirs se libèrent.}) 10. h3 {Cette méthode, extrêmement raffinée, tient compte
des diverses possibilités de développer le Bc8.} (10. h3 {Supposons} b6 {
, il suivrait} 11. e4 $1 dxe4 12. Nxe4 Nxe4 13. Qxe4 {menaçant le Pc6 et
gagnant un temps important.} Bb7 14. Bf4 {а l'avantage des Blancs qui
contrôlent plus de terrain.}) 10... h6 {Une précaution nécessaire,} ({car} 
10... dxc4 11. Bxc4 e5 {serait contré par} 12. Ng5) 11. a3 dxc4 12. Bxc4 e5 13.
Nh4 $1 {Une finesse connue;} (13. dxe5 $2 Nxe5 {entraînerait des
simplifications favorables aux Noirs. C'est pourquoi les Blancs repoussent
d'abord le Cd7 sur la huitième rangée, avant d'échanger en й5.}) 13... Nf8 ({
Surtout pas} 13... e4 $2 14. Ng6 Qd8 15. Qb3 $18) 14. dxe5 ({Prendre la paire
de Fous via} 14. Nf5 Bxf5 15. Qxf5 {ne servirait а rien, car les Noirs
parviendraient aisément а bloquer les cases blanches:} e4 $1 16. h4 g6 17. Qh3
N8d7 18. Be2 Nb6 19. h5 g5 20. f3 g4 21. Qh4 gxf3 22. gxf3 Kh8 23. Rf1 Rg8+ 24.
Kh1 Rg3 25. f4 Rag8 26. Bd2 Nfd5 27. Qh2 Qe6 {0-1 Solozhenkin-Sveshnikov Open
de Cappelle la grande, mars 1995}) 14... Bxe5 (14... Qxe5 15. Nf3 Qe7) 15. Nf3
{Tout cela est théorique et comme l'indique la structure de pions, les Blancs
ont deux façons de lutter pour l'avantage. Soit en mobilisant leur infanterie
au centre de l'échiquier (e4), soit en préparant un attaque de minorité sur le
flanc-Dame (b4).} (15. Bd2 Bc7 16. Nf5 Qe5 17. Ng3 Be6 18. Bd3 Rad8 19. Nce2
Bb6 20. b4 {Karpov-Lautier Dortmund 1995}) 15... Bxc3 {Une décision radicale,
mais discutable, car l'échange n'était ici nullement forcé.} ({Une partie
Bukic-Burmakin, disputée а l'open de Portoroz en avril 1995, avait continué par
} 15... Bc7 16. b4 a5 $1 (16... Ne6 17. Bb2 Ng5 18. Nxg5 hxg5 19. Qg6 g4 20.
Ne4 $1 $16) ({ou} 16... Be6 17. Bd3 $14 {laisseraient l'initiative aux Blancs,
dont les pièces sont généralement mieux placées.}) 17. b5 Qc5 {/\ 17...Qh5
קh3 La pointe; les Noirs projettent de transf�rer leur Dame en h5, pour
amorcer une offensive contre le roque, avec le sacrifice du Fou sur h3} 18. Qb3
Qh5 19. a4 Bxh3 $5 20. Bxf7+ ({Apparemment trop risqué serait} 20. gxh3 Qxf3
21. Bxf7+ Kh8 22. Bxe8 Qxh3 23. f4 Rxe8 24. Ra2 Bb6 {avec un assaut continu.})
20... Qxf7 {1/2-1/2 et nulle de commun accord.}) 16. Qxc3 Ne4 17. Qc2 Bf5 18.
Nd4 Bg6 19. f3 {Pour avancer au centre et masquer la diagonale du Bg6. Il
arrive quelquefois qu'un joueur décide d'entamer un débat théorique sans avoir
d'autre nouveauté qu'une meilleure appréciation de la position. Ici justement,
Gurevich souhaitait uniquement reprendre les coups d'une partie de son
adversaire, où l'apparition de Fous de couleur opposée avait provoqué la
nullité un peu trop rapidement.} c5 (19... Nd6 20. e4 Nxc4 21. Qxc4 {ne
changerait pas grand-chose.}) 20. Nb5 Nd6 ({Au lieu de} 20... a6 21. Nc3 Nxc3
22. Qxc3 Rad8 23. Bd5 {Tibensky-Sveshnikov coupe d'Europe 1996}) 21. e4 Nxc4
22. Qxc4 Red8 23. Be3 b6 {[#] Une position instructive! Les Fous de couleur
opposée ne garantissent pas la nullité, car le Bg6, solidement enfermé
derrière la chaîne e4-g2, est réduit au rang de spectateur.} 24. Nc3 {En route
vers l'avant-poste d5} Kh8 {Sveshnikov sous-estime le danger.} (24... Qe6 $142
{pour redéployer le Bg6 en f7, au plus vite, était certainement préférable.})
25. Nd5 Qb7 26. b4 $1 {Simple mais efficace. Gurevich ouvre les lignes sur
l'aile-Dame, où il joue pour ainsi dire avec une pièce de plus.} cxb4 27. axb4
Rd7 ({Ou bien: a)} 27... f5 28. Qc7 Qxc7 29. Nxc7 Rxd1+ 30. Rxd1 Rc8 31. exf5
Bxf5 32. Nb5 a5 33. Nd6 {gagnant du matériel}) ({b)} 27... Rac8 28. Qa6 Qxa6
29. Rxa6 Rd7 30. Rda1 {pareil.}) 28. Qa6 {Encore un joli coup. L'échange des
Dames prive les Noirs d'un défenseur important.} ({Tentant mais insuffisant
était} 28. Bxh6 $5 gxh6 (28... Rxd5 29. Bxg7+ Kxg7 30. exd5 {/\ d6}) 29. Qd4+
f6 $8 30. Qxf6+ Kh7 (30... Rg7 31. Nxb6 $5 (31. Qf4 h5) 31... Nh7 (31... axb6
$2 32. Rxa8 Qxa8 33. Rd8) 32. Qxg7+ $13) 31. Qe5 Rf7 32. Nf6+ Kg7 33. Rd6 Qe7
34. Ne8+ Kh7 35. Nf6+ $11 {et les Blancs doivent se contenter du nul.}) 28...
Rb8 29. Qxb7 Rbxb7 30. Rdc1 {L'occupation de la colonne ouverte accroît encore
la pression.} Ne6 ({Si} 30... f5 31. Rc8 Kg8 32. Nf4 Bh7 33. Ne6 Rf7 34. Nd8
Rbc7 (34... Rfc7 35. Ra8) 35. Nxf7 Rxc8 36. Rxa7 fxe4 37. Nd6 $16) 31. Rc6 {
Premier signe d'invasion.} Nc7 32. Nf4 Bh7 {La paralysie s'installe dans le
camp assiégé.} 33. g4 {Empêche ..f5 pour de bon et prépare l'ouverture d'un
second front а l'aile-Roi.} Bg8 34. Rac1 Kh7 (34... f6 $2 35. Ng6+ Kh7 36. Nf8+
$18) 35. h4 f6 {[#]} 36. g5 $1 {Les créanciers frappent а la porte.} Ne8 (36...
hxg5 37. hxg5 fxg5 38. Ng6 $1 {Menaçant а la fois 39.Nf8 et 39.Kf2 suivi de Rh1
} (38. Kf2 Bf7) (38. Nh3 Bf7 (38... g6 39. Nxg5+ Kg7 40. Bf4 Ne8 41. Be5+ Kh6
42. Kf2 Kxg5 43. f4+ Kg4 44. Rg1+ Kh4 45. Rh1+ Kg4 46. Rxg6#) 39. Nxg5+ Kg8 40.
Bf4 Ne8 {et les Noirs résistent.}) 38... Rd8 (38... Ne6 39. Rxe6 Bxe6 40. Nf8+
$18) (38... Rb8 39. Kf2 Be6 (39... Ne6 40. Ne5) 40. Ne5 $18) (38... Rf7 39.
R1c2 Rf6 40. Nf8+ $3 $18) 39. Kf2 Ne6 ({si} 39... Be6 40. Ne7 $1 {gagne un
pièce}) 40. Ne5 g6 41. Bxg5 $1 Re8 (41... Nxg5 42. Rh1+ Kg7 43. Rxg6+ Kf8 44.
Rxg5) 42. Bf6 Nf4 43. Rc7+ (43. Ke3 Ng2+ 44. Kd2 Nf4) 43... Rxc7 44. Rxc7+ Kh6
45. Ng4+ Kh5 46. Be7 $18 {et les Noirs sont condamnés.}) 37. g6+ $1 Kh8 38. Rc8
{Ce clouage est décisif.} Nd6 39. Ra8 Rbc7 40. Rxc7 Rxc7 41. Rd8 Nb7 42. Ra8 {
Le chat et la souris...} Nd6 43. Nd5 Rc8 ({Une jolie variante était} 43... Rd7
44. Bd4 {Menaçant 45.Nxf6!} Nf5 45. Bc3 Ne7 (45... Nxh4 46. Nxf6 $18) 46. Nxf6
Rd3 47. Be5 Rxf3 48. Rf8 $1 {Pour continuer par 49.Ne8!} Rxf6 ({ou} 48... Rb3
49. h5 {suivi encore de Ne8}) 49. Rxf6 $1 $18) 44. Rxa7 b5 45. h5 Nf5 46. Bc5
Ng3 47. Nf4 {et les Noirs abandonnèrent.} 1-0